00751nam a2200241 a 4500001001300000003000900013005001700022008004100039020000900080082001600089100002300105245005000128260005400178300000900232500003500241505003400276650002900310700002300339902000800362942000700370952011500377999001700492nice12345678IN_TiNIC20260116013313.0050524s1994 newa grp 000 0 eng  ac6000a297.64bMAL aMalik, Fida Husain aWives of the Holy Prophet(peace Be Upon Them) aNew Delhi bAdam Publisher and Distributer c1994 a160p aincludes index and biblioraphy2 aAppendix, Bibliography, Index aMuhammad, Prophet-Family1 aMalik, Fida Husain bSRS cBK 001040708StackRoom-aHMIbHMId2010-09-30g60.00l0o297.64 MALp018098r2010-09-30v60.00w2005-05-24yBK c10491d10491